Fiscal Constraints of a Fixed Exchange Rate Regime.

The paper considers whether the implementation of a fixed exchange rate regime requires or implies binding constraints on fiscal policy. The main conclusions are that, from a country perspective, the effective constraint is on the degree of monetary financing, which bears an uncertain relationship t...

Cur síos iomlán

Sonraí bibleagrafaíochta
Údar corparáideach: International Monetary Fund
Formáid: IRIS
Teanga:English
Foilsithe / Cruthaithe: Washington, D.C. : International Monetary Fund, 1989.
Sraith:IMF Working Papers; Working Paper ; No. 1989/107
Rochtain ar líne:Full text available on IMF
LEADER 01664cas a2200241 a 4500
001 AALejournalIMF009949
008 230101c9999 xx r poo 0 0eng d
020 |c 5.00 USD 
020 |z 9781451946680 
022 |a 1018-5941 
040 |a BD-DhAAL  |c BD-DhAAL 
110 2 |a International Monetary Fund. 
245 1 0 |a Fiscal Constraints of a Fixed Exchange Rate Regime. 
264 1 |a Washington, D.C. :  |b International Monetary Fund,  |c 1989. 
300 |a 1 online resource (26 pages) 
490 1 |a IMF Working Papers 
500 |a <strong>Off-Campus Access:</strong> No User ID or Password Required 
500 |a <strong>On-Campus Access:</strong> No User ID or Password Required 
506 |a Electronic access restricted to authorized BRAC University faculty, staff and students 
520 3 |a The paper considers whether the implementation of a fixed exchange rate regime requires or implies binding constraints on fiscal policy. The main conclusions are that, from a country perspective, the effective constraint is on the degree of monetary financing, which bears an uncertain relationship to the size of the budget deficit; that, from a systemic perspective, the financial stability of the currency area can be ensured by making the monetary and fiscal authorities independent of one another; and that the case for coordination of fiscal policies-whatever its merits-is not enhanced by the creation of a fixed exchange rate regime. 
538 |a Mode of access: Internet 
830 0 |a IMF Working Papers; Working Paper ;  |v No. 1989/107 
856 4 0 |z Full text available on IMF  |u http://elibrary.imf.org/view/journals/001/1989/107/001.1989.issue-107-en.xml  |z IMF e-Library